[Event "It (open)"]
[Site "masterchessopen.com Mar del Plata (Argentina)"]
[Round "6"]
[White "Barenbaum Alejandro (ARG)"]
[Black "Sorokin Maxim (RUS)"]
[Result "0-1"]
[WhiteElo "2200"]
[BlackElo "2510"]

1.e4 c5 2.Nf3 Nc6 3.d4 cxd4 4.Nxd4 Nf6 5.Nc3 d6 6.Bg5 e6 7.Qd2 a6 8.O-O-O Bd7
9.f4 h6 10.Bh4 g5 11.fxg5 Ng4 12.Be2 Nge5 13.Nf3 Be7 14.Bg3 hxg5 15.Nxe5 Nxe5
16.Bxe5 dxe5 17.h3 Bc6 18.Qxd8+ Bxd8 19.Bf3 Ba5 20.Ne2 Rh4 21.g3 Rh6 22.h4 g4
23.Bxg4 Bxe4 24.Rhf1 Rc8 25.c3 Bb6 26.Kd2 Rd8+ 27.Ke1 Rxd1+ 28.Kxd1 Bg2 {#R}
0-1

[Event "It (open)"]
[Site "masterchessopen.com Massy (France)"]
[Round "0"]
[White "Ziatdinov Raset (USA)"]
[Black "Allen Andrew (AUS)"]
[Result "1-0"]
[WhiteElo "2410"]
[BlackElo "2275"]

1.e4 c5 2.Nf3 d6 3.d4 cxd4 4.Nxd4 Nf6 5.Nc3 Nc6 6.Bg5 e6 7.Qd2 a6 8.O-O-O Bd7
9.f4 h6 10.Bh4 g5 11.fxg5 Ng4 12.Be2 Nge5 13.Nf3 Be7 14.Rhg1 Rg8 15.Bg3 hxg5
16.Nxe5 Nxe5 17.Bxe5 dxe5 18.Bh5 Rg7 19.Rgf1 b5 20.Qf2 Qc7 21.Bxf7+ Kd8
22.Bxe6 {#r} 1-0

[Event "Olympiad (w)"]
[Site "masterchessopen.com Moscow (Russia)"]
[Round "7"]
[White "Mortensen Beatrix (DEN)"]
[Black "Apostolska Ljiljana (MKD)"]
[Result "0-1"]
[WhiteElo "2060"]
[BlackElo "2005"]

1.e4 c5 2.Nf3 Nc6 3.d4 cxd4 4.Nxd4 Nf6 5.Nc3 d6 6.Bg5 e6 7.Qd2 a6 8.O-O-O Bd7
9.f4 b5 10.Bxf6 gxf6 11.Nxc6 Bxc6 12.Bd3 h5 13.Rhe1 Be7 14.Kb1 Qb6 15.e5 dxe5
16.fxe5 f5 17.Bf1 b4 18.Ne2 Rd8 19.Qf4 Bd5 20.Nc1 h4 21.g4 hxg3 22.hxg3 Rh5
23.Bc4 Bg5 24.Qf1 Rh1 25.Qe2 Bxc4 26.Rxh1 Bxe2 27.Rh8+ Ke7 28.Rhxd8 Bxd1 {#R}
0-1

[Event "It (open)"]
[Site "masterchessopen.com New York (USA)"]
[Round "0"]
[White "Ehlvest Jaan (USA)"]
[Black "Tischbierek Raj (GER)"]
[Result "1-0"]
[WhiteElo "2600"]
[BlackElo "2525"]

1.e4 c5 2.Nf3 d6 3.d4 cxd4 4.Nxd4 Nf6 5.Nc3 Nc6 6.Bg5 e6 7.Qd2 a6 8.O-O-O Bd7
9.f3 Be7 10.Kb1 Qc7 11.h4 O-O 12.h5 Rfd8 13.g4 d5 14.e5 Nxe5 15.h6 Nc4 16.Bxc4
dxc4 17.hxg7 Bc6 18.Qe1 Kxg7 19.Qh4 Ng8 20.Nxe6+ fxe6 21.Qxh7+ {#r} 1-0

[Event "It \"]
[Site "masterchessopen.com Philadelphia (USA)"]
[Round "0"]
[White "Cooke Eric (USA)"]
[Black "Yermolinsky Alex (USA)"]
[Result "0-1"]
[WhiteElo "2165"]
[BlackElo "2590"]

1.e4 c5 2.Nf3 d6 3.d4 cxd4 4.Nxd4 Nf6 5.Nc3 Nc6 6.Bg5 e6 7.Qd2 a6 8.O-O-O Bd7
9.f4 b5 10.Nxc6 Bxc6 11.Qe1 Be7 12.e5 Nd5 13.Bxe7 Qxe7 14.Ne4 dxe5 15.fxe5 O-O
16.Kb1 Rad8 17.Bd3 Nf4 18.Qe3 Nxg2 19.Qh3 Bxe4 20.Bxe4 Nh4 21.Rd6 f5 22.Bd3
Ng6 23.Rxa6 Qb7 {#R} 0-1

[Event "It (open)"]
[Site "masterchessopen.com Sarospatak (Hungary)"]
[Round "0"]
[White "Somlai Laszlo (HUN)"]
[Black "Varga Peter (HUN)"]
[Result "0-1"]
[WhiteElo "2375"]
[BlackElo "2405"]

1.e4 c5 2.Nf3 Nc6 3.d4 cxd4 4.Nxd4 Nf6 5.Nc3 d6 6.Bg5 e6 7.Qd2 a6 8.O-O-O Bd7
9.f4 b5 10.Bxf6 gxf6 11.Nxc6 Bxc6 12.Qe3 Qe7 13.Bd3 Qa7 14.Qe1 Qc5 15.Nd5 Bxd5
16.exd5 e5 17.Kb1 h5 18.Rf1 Rg8 19.Be4 Bh6 20.Qh4 Bxf4 21.Qxf6 Ra7 22.Rxf4
exf4 23.Bh7 Rxg2 24.Re1+ Qe3 25.Qh8+ Ke7 26.Qc3 Re2 27.Rxe2 Qxe2 28.b3 Qd1+
29.Kb2 Qxd5 {#R} 0-1

[Event "Ch Slovenia (qual)"]
[Site "masterchessopen.com Slovenia"]
[Round "0"]
[White "Povse Martin (SLO)"]
[Black "Grosar Kiti (SLO)"]
[Result "0-1"]
[WhiteElo "2080"]
[BlackElo "2219"]

1.e4 c5 2.Nf3 d6 3.d4 cxd4 4.Nxd4 Nf6 5.Nc3 Nc6 6.Bg5 Bd7 7.Qd2 e6 8.O-O-O a6
9.f4 b5 10.Nf3 b4 11.Bxf6 gxf6 12.Ne2 Qa5 13.Kb1 e5 14.f5 Qb6 15.Nc1 Rc8
16.Bc4 Nd4 17.Bxf7+ Kxf7 18.Nxd4 Qxd4 19.Qxd4 exd4 20.Rxd4 Rg8 21.g3 a5 22.Nb3
Ba4 23.Nxa5 Bxc2+ 24.Ka1 Ra8 25.Nc6 d5 26.exd5 Bc5 27.Rh4 Rxa2+ {#R} 0-1

[Event "Tournament (candidates) (w)"]
[Site "masterchessopen.com Tilburg (Netherlands)"]
[Round "0"]
[White "Ioseliani Nana (GEO)"]
[Black "Galliamova Alisa (RUS)"]
[Result "1-0"]
[WhiteElo "2435"]
[BlackElo "2475"]

1.e4 c5 2.Nf3 Nc6 3.d4 cxd4 4.Nxd4 Nf6 5.Nc3 d6 6.Bg5 e6 7.Qd2 a6 8.O-O-O Bd7
9.f4 h6 10.Bh4 g5 11.fxg5 Ng4 12.Be2 Nge5 13.Nxc6 Bxc6 14.g3 Ng6 15.Kb1 Be7
16.gxh6 Nxh4 17.gxh4 Bf8 18.h5 Rxh6 19.Rhg1 Qe7 20.Rg8 O-O-O 21.Qd4 Rh7 22.a4
Qc7 23.Rdg1 Bh6 24.Qf6 Be8 25.Nd5 Qc5 26.b4 Qa7 27.Qc3+ {#r} 1-0

[Event "Ch USA (w)"]
[Site "masterchessopen.com USA"]
[Round "8"]
[White "Belakovskaia Anjelina (USA)"]
[Black "Levitina Irina S (USA)"]
[Result "1-0"]
[WhiteElo "2320"]
[BlackElo "2425"]

1.e4 c5 2.Nf3 d6 3.d4 cxd4 4.Nxd4 Nf6 5.Nc3 Nc6 6.Bg5 e6 7.Qd2 a6 8.O-O-O Bd7
9.f4 b5 10.Nxc6 Bxc6 11.Qe1 Be7 12.e5 Nd5 13.Bxe7 Qxe7 14.Ne4 dxe5 15.fxe5 O-O
16.Qg3 Kh8 17.Rd4 Qa7 18.c3 b4 19.Bc4 bxc3 20.bxc3 Ne7 21.Nd6 Qc5 22.Rf1 Qa3+
23.Kc2 Nd5 24.Nxf7+ Rxf7 25.Rxf7 Rg8 26.Bb3 a5 27.Rh4 Be8 28.Qg6 Ne3+ 29.Kb1
{#r} 1-0

[Event "?"]
[Site "masterchessopen.com Albacete (Spain)"]
[Round "0"]
[White "Lanka Zigurds (LAT)"]
[Black "Garcia Ilundain David (ESP)"]
[Result "1-0"]
[WhiteElo "2480"]
[BlackElo "2510"]

1.e4 c5 2.Nf3 d6 3.d4 cxd4 4.Nxd4 Nf6 5.Nc3 Nc6 6.Bg5 e6 7.Qd2 a6 8.O-O-O Bd7
9.f3 b5 10.Kb1 Be7 11.h4 Ne5 12.Bd3 h6 13.Be3 b4 14.Nce2 d5 15.Bf4 Nxd3
16.cxd3 Bb5 17.g4 dxe4 18.dxe4 Qb6 19.g5 Bxe2 20.Nxe2 Rd8 21.Qc2 hxg5 22.hxg5
Nh5 23.Rxd8+ Bxd8 24.Be5 Rh7 25.Rd1 f6 26.Qc8 fxe5 27.g6 {#r} 1-0

[Event "It"]
[Site "masterchessopen.com Balatonbereny (Hungary)"]
[Round "0"]
[White "Fogarasi Tibor (HUN)"]
[Black "Anka Emil (HUN)"]
[Result "1-0"]
[WhiteElo "2515"]
[BlackElo "2410"]

1.e4 c5 2.Nf3 Nc6 3.d4 cxd4 4.Nxd4 Nf6 5.Nc3 d6 6.Bg5 e6 7.Qd2 a6 8.O-O-O Bd7
9.f3 Be7 10.h4 Qa5 11.g4 Nxd4 12.Qxd4 h5 13.gxh5 Rxh5 14.f4 O-O-O 15.Be2 Rhh8
16.h5 Kb8 17.Kb1 Qc5 18.Qxc5 dxc5 19.e5 Ng8 20.Rhg1 f6 21.Bh4 Rh7 22.Ne4 b6
23.exf6 Bxf6 24.Ng5 Rh6 25.Nf7 Bxh4 26.Nxd8 {#r} 1-0

[Event "It (a) (cat.3)"]
[Site "masterchessopen.com Budapest (Hungary)"]
[Round "1"]
[White "Boros Daniel (HUN)"]
[Black "Madl Ildiko (HUN)"]
[Result "0-1"]
[WhiteElo "2325"]
[BlackElo "2370"]

1.e4 c5 2.Nf3 d6 3.d4 cxd4 4.Nxd4 Nf6 5.Nc3 Nc6 6.Bg5 e6 7.Qd2 a6 8.O-O-O Bd7
9.f4 h6 10.Bxf6 Qxf6 11.Nf3 Qd8 12.g4 Qc7 13.h4 O-O-O 14.Bh3 Kb8 15.g5 Be7
16.f5 Ne5 17.Nd4 Qc8 18.Rdg1 hxg5 19.hxg5 Rh5 20.g6 Rdh8 21.fxe6 fxe6 22.Rg3
Qd8 23.Kb1 Bg5 24.Qg2 Bf4 {#R} 0-1

[Event "Memorial Bela Papp"]
[Site "masterchessopen.com Budapest (Hungary)"]
[Round "0"]
[White "Boros Daniel (HUN)"]
[Black "Igaz Peter (HUN)"]
[Result "1-0"]
[WhiteElo "2325"]
[BlackElo "2104"]

1.e4 c5 2.Nf3 Nc6 3.d4 cxd4 4.Nxd4 Nf6 5.Nc3 d6 6.Bg5 e6 7.Qd2 a6 8.O-O-O Bd7
9.Kb1 Be7 10.f4 b5 11.Nxc6 Bxc6 12.Bd3 h6 13.Bh4 b4 14.Bxf6 Bxf6 15.Ne2 O-O
16.g4 a5 17.h4 d5 18.e5 Bxh4 19.Nd4 Bd7 20.g5 hxg5 21.Bh7+ Kxh7 22.fxg5 f5
23.gxf6 gxf6 24.Rxh4+ Kg6 25.Qg2+ {#r} 1-0

[Event "Memorial Schneider"]
[Site "masterchessopen.com Budapest (Hungary)"]
[Round "1"]
[White "Parkanyi Attila (HUN)"]
[Black "Simo Judit (HUN)"]
[Result "1-0"]
[WhiteElo "2360"]
[BlackElo "2011"]

1.e4 c5 2.Nf3 d6 3.d4 cxd4 4.Nxd4 Nf6 5.Nc3 Nc6 6.Bg5 e6 7.Qd2 a6 8.O-O-O Bd7
9.f4 b5 10.Nxc6 Bxc6 11.Qe1 Qa5 12.Kb1 Rc8 13.Bd3 Qb4 14.Rf1 Qc5 15.Bxf6 gxf6
16.Nd5 Bxd5 17.exd5 Qxd5 18.Bg6 Qc4 19.b3 Qc5 20.Qxe6+ Be7 21.Qxf7+ Kd8
22.Rfe1 Rc7 23.Qg7 {#r} 1-0

[Event "Ch Catalunia (team)"]
[Site "masterchessopen.com Catalunia (Spain)"]
[Round "0"]
[White "Tejero Garces Jorge (ESP)"]
[Black "Garcia Ilundain David (ESP)"]
[Result "0-1"]
[WhiteElo "2220"]
[BlackElo "2510"]

1.e4 c5 2.Nf3 d6 3.d4 cxd4 4.Nxd4 Nf6 5.Nc3 Nc6 6.Bg5 e6 7.Qd2 a6 8.O-O-O Bd7
9.f4 b5 10.Bxf6 gxf6 11.Nxc6 Bxc6 12.Qe1 Be7 13.Bd3 Qb6 14.Kb1 Qc5 15.f5 b4
16.Ne2 e5 17.Nc1 a5 18.Nb3 Qb6 19.Bc4 a4 20.Nc1 h5 21.Rf1 Rg8 22.Qe2 Rg4
23.Bd5 Ra5 24.h3 Rg5 25.Bxc6+ Qxc6 26.Rf3 a3 27.b3 d5 28.exd5 Rxd5 29.g3 Rxd1
30.Qxd1 e4 31.Re3 Rxf5 {#R} 0-1

[Event "It (open)"]
[Site "masterchessopen.com Geneva (Switzerland)"]
[Round "1"]
[White "Landenbergue Claude (SUI)"]
[Black "De La Rosa Damian (SUI)"]
[Result "1-0"]
[WhiteElo "2420"]
[BlackElo "2032"]

1.e4 c5 2.Nf3 d6 3.d4 cxd4 4.Nxd4 Nf6 5.Nc3 Nc6 6.Bg5 e6 7.Qd2 a6 8.O-O-O Bd7
9.f3 Nxd4 10.Qxd4 h6 11.Be3 Qc7 12.g4 O-O-O 13.h4 Bc6 14.Bh3 Be7 15.g5 Nd7
16.g6 e5 17.Qa7 Qb8 18.Qxb8+ Kxb8 19.gxf7 Kc7 20.Be6 Rhf8 21.Rdg1 Bf6 22.b4
Nb6 23.Rg6 Rh8 24.Rhg1 Nc8 25.Rxg7 Bxg7 26.Rxg7 Ne7 27.h5 d5 28.Bc5 Rd6
29.exd5 {#r} 1-0

[Event "Bundesliga 1995/96"]
[Site "masterchessopen.com Germany"]
[Round "0"]
[White "Goldberg Alexander (GER)"]
[Black "Reeh Oliver (GER)"]
[Result "0-1"]
[WhiteElo "2400"]
[BlackElo "2445"]

1.e4 c5 2.Nf3 d6 3.d4 cxd4 4.Nxd4 Nf6 5.Nc3 Nc6 6.Bg5 e6 7.Qd2 a6 8.O-O-O Bd7
9.f4 b5 10.Bxb5 axb5 11.Ndxb5 Nb4 12.e5 Nxa2+ 13.Nxa2 Bxb5 14.Qb4 Bd7 15.exf6
gxf6 16.Qc3 fxg5 17.Qxh8 Rxa2 18.b3 Qa5 19.Kb1 e5 20.fxe5 Bf5 {#R} 0-1

[Event "It (open)"]
[Site "masterchessopen.com Haarlem (Netherlands)"]
[Round "5"]
[White "Van Riemsdijk Dirk D (BRA)"]
[Black "Wohlfart Hubert (AUT)"]
[Result "1-0"]
[WhiteElo "2132"]
[BlackElo "2135"]

1.e4 c5 2.Nf3 Nc6 3.d4 cxd4 4.Nxd4 Nf6 5.Nc3 d6 6.Bg5 e6 7.Qd2 a6 8.O-O-O Bd7
9.f4 h6 10.Bh4 g5 11.fxg5 Ng4 12.Nxc6 Bxc6 13.Be2 Ne5 14.g3 Ng6 15.Kb1 Be7
16.gxh6 Nxh4 17.gxh4 Bf8 18.Qf4 Bxh6 19.Qg3 Bf8 20.h5 Qe7 21.Rhe1 O-O-O 22.Nd5
exd5 23.exd5 Bd7 24.Qc3+ Kb8 25.Qxh8 Qg5 26.Rg1 Qe3 27.Bg4 f5 28.Rde1 Qc5
29.Qf6 Re8 30.Rxe8+ Bxe8 {#r} 1-0

[Event "Ch Finland"]
[Site "masterchessopen.com Helsinki (Finland)"]
[Round "0"]
[White "Sammalvuo Tapani (FIN)"]
[Black "Yrjola Jouni (FIN)"]
[Result "0-1"]
[WhiteElo "2310"]
[BlackElo "2430"]

1.e4 c5 2.Nf3 d6 3.d4 cxd4 4.Nxd4 Nf6 5.Nc3 Nc6 6.Bg5 e6 7.Qd2 a6 8.O-O-O Bd7
9.f4 b5 10.Bxf6 gxf6 11.Kb1 Qb6 12.Nce2 Rc8 13.g3 b4 14.Bg2 a5 15.Nxc6 Qxc6
16.Nd4 Qc5 17.f5 e5 18.Nb3 Qc7 19.Qd3 a4 20.Nd2 Bh6 21.b3 O-O 22.Nc4 Bb5
23.Qxd6 Bxc4 24.Qxc7 Rxc7 25.bxc4 Be3 26.Rd6 Rxc4 27.Re1 Bd4 28.Bf1 Rc3 29.Bb5
b3 30.cxb3 axb3 31.Ra6 Rfc8 {#R} 0-1

[Event "Ch Hessen"]
[Site "masterchessopen.com Hofheim (Germany)"]
[Round "10"]
[White "Zude Arno (GER)"]
[Black "Schnitzspan Lothar (GER)"]
[Result "0-1"]
[WhiteElo "2405"]
[BlackElo "2345"]

1.e4 c5 2.Nf3 d6 3.d4 cxd4 4.Nxd4 Nf6 5.Nc3 Nc6 6.Bg5 e6 7.Qd2 a6 8.O-O-O Bd7
9.Be2 Rc8 10.f4 h6 11.Bxf6 Qxf6 12.Nf3 Qd8 13.g4 Qa5 14.Kb1 b5 15.Bd3 Be7
16.g5 hxg5 17.Nxg5 Nb4 18.h4 Rc7 19.e5 dxe5 20.Nf3 Bc6 21.Be2 Be4 {#R} 0-1

[Event "Ch Hungary (team)"]
[Site "masterchessopen.com Hungary"]
[Round "0"]
[White "Almasi Istvan (HUN)"]
[Black "Wells Peter K (ENG)"]
[Result "0-1"]
[WhiteElo "2395"]
[BlackElo "2545"]

1.e4 c5 2.Nf3 Nc6 3.d4 cxd4 4.Nxd4 Nf6 5.Nc3 d6 6.Bg5 e6 7.Qd2 a6 8.O-O-O Bd7
9.f4 h6 10.Bh4 g5 11.fxg5 Ng4 12.Kb1 Be7 13.Be2 hxg5 14.Bg3 Nge5 15.Nf3 Nxf3
16.gxf3 Ne5 17.Qd4 Qc7 18.Na4 Bc6 19.Nb6 Rd8 20.Rd2 Bf6 21.Qb4 g4 22.f4 Nf3
23.Bxf3 gxf3 24.Nc4 d5 25.f5 Qxg3 26.fxe6 dxc4 27.exf7+ Kxf7 28.Qxc4+ Kg7
29.Rxd8 Bxd8 30.Qd4+ Bf6 {#R} 0-1

[Event "It (open)"]
[Site "masterchessopen.com Leeuwarden (Netherlands)"]
[Round "2"]
[White "Nunn John D M (ENG)"]
[Black "Vydeslaver Alik (ISR)"]
[Result "1-0"]
[WhiteElo "2615"]
[BlackElo "2445"]

1.e4 c5 2.Nf3 d6 3.d4 cxd4 4.Nxd4 Nf6 5.Nc3 Nc6 6.Bg5 e6 7.Qd2 a6 8.O-O-O Bd7
9.f3 Be7 10.h4 Rc8 11.Kb1 h6 12.Nxc6 Bxc6 13.Be3 d5 14.e5 Nd7 15.f4 Bxh4
16.Bd4 Be7 17.Qf2 b5 18.f5 Bg5 19.Bd3 O-O 20.f6 b4 21.Rh5 Nxf6 22.exf6 Bxf6
23.Rxh6 Bxd4 24.Bh7+ Kh8 25.Qxd4 e5 26.Qxe5 f6 27.Qh2 gxh6 28.Qxh6 Qe7 29.Bf5+
Kg8 30.Be6+ {#r} 1-0

[Event "It (open)"]
[Site "masterchessopen.com Moscow (Russia)"]
[Round "1"]
[White "Lebedev Vasili (RUS)"]
[Black "Dragomarezkij Evgeni (RUS)"]
[Result "0-1"]
[WhiteElo "2210"]
[BlackElo "2475"]

1.e4 c5 2.Nf3 d6 3.d4 cxd4 4.Nxd4 Nf6 5.Nc3 a6 6.Bg5 Nc6 7.Qd2 e6 8.O-O-O Bd7
9.Kb1 h6 10.Be3 b5 11.Nxc6 Bxc6 12.f3 Qc7 13.Qf2 Rc8 14.Bd3 Be7 15.g4 d5
16.exd5 Nxd5 17.Nxd5 Bxd5 18.Bd4 Bc5 19.Bxc5 Qxc5 20.Qxc5 Rxc5 21.Be4 Bxe4
22.fxe4 Ke7 23.h4 Re5 24.Rhe1 f6 25.c3 h5 26.Rg1 Rxe4 27.gxh5 Rh7 28.h6 gxh6
29.Rg8 f5 {#R} 0-1

[Event "It (cat.3) \"]
[Site "masterchessopen.com Prague (Czech Republic)"]
[Round "3"]
[White "Prandstetter Eduard (CZE)"]
[Black "Znamenacek Kvetoslav (CZE)"]
[Result "0-1"]
[WhiteElo "2380"]
[BlackElo "2335"]

1.e4 c5 2.Nf3 Nc6 3.d4 cxd4 4.Nxd4 Nf6 5.Nc3 d6 6.Bg5 e6 7.Qd2 a6 8.O-O-O Bd7
9.f4 b5 10.Bxf6 gxf6 11.f5 Nxd4 12.Qxd4 Bh6+ 13.Kb1 Bf4 14.Ne2 Be5 15.Qd2 exf5
16.exf5 Bxf5 17.Nf4 Qb6 18.Bd3 Bg6 19.Rhf1 Qc5 20.h4 Rc8 21.c3 Rg8 22.Qc2 Qc6
23.h5 Bxd3 24.Qxd3 b4 25.cxb4 Rg3 26.Qf5 Rg5 27.Qd3 Rg3 28.Qf5 Rg5 29.Qxh7
Rxg2 30.Nxg2 Qxg2 {#R} 0-1

[Event "It (cat.10)"]
[Site "masterchessopen.com San Martin (Argentina)"]
[Round "11"]
[White "Ginzburg Maximiliano (ARG)"]
[Black "Becerra Rivero Julio (USA)"]
[Result "1-0"]
[WhiteElo "2440"]
[BlackElo "2460"]

1.e4 c5 2.Nf3 d6 3.d4 cxd4 4.Nxd4 Nf6 5.Nc3 Nc6 6.Bg5 e6 7.Qd2 a6 8.O-O-O Bd7
9.f4 b5 10.Bxf6 gxf6 11.Nxc6 Bxc6 12.Qe1 b4 13.Nd5 a5 14.Bd3 h5 15.Kb1 Bd7
16.e5 Bg7 17.exd6 Kf8 18.Nc7 Rb8 19.f5 e5 20.Qe4 Bh6 21.Bc4 Qc8 22.Rhf1 Qb7
23.Bd5 Qb6 24.Ne6+ Kg8 25.Qh4 Bg7 26.Rf3 Qxd6 27.Rg3 Bxe6 28.Qxf6 Rh7 29.fxe6
Kh8 30.Rxg7 Rxg7 31.Qh6+ {#r} 1-0

[Event "It"]
[Site "masterchessopen.com Sonnevanck (Netherlands)"]
[Round "0"]
[White "Wells Peter K (ENG)"]
[Black "Nijboer Friso (NED)"]
[Result "0-1"]
[WhiteElo "2545"]
[BlackElo "2485"]

1.e4 c5 2.Nf3 d6 3.d4 cxd4 4.Nxd4 Nf6 5.Nc3 Nc6 6.Bg5 e6 7.Qd2 a6 8.O-O-O Bd7
9.f4 h6 10.Bh4 g5 11.fxg5 Ng4 12.Be2 Nge5 13.Nf3 Be7 14.Kb1 hxg5 15.Bg3 Nxf3
16.gxf3 Ne5 17.h4 gxh4 18.f4 Ng6 19.Bf2 Bc6 20.f5 Ne5 21.fxe6 fxe6 22.Bg1 Bf6
{#R} 0-1

[Event "It"]
[Site "masterchessopen.com Stockholm (Sweden)"]
[Round "5"]
[White "Lyrberg Patrik (SWE)"]
[Black "Degerman Lars (SWE)"]
[Result "0-1"]
[WhiteElo "2400"]
[BlackElo "2485"]

1.e4 c5 2.Nf3 Nc6 3.d4 cxd4 4.Nxd4 Nf6 5.Nc3 d6 6.Bg5 e6 7.Qd2 a6 8.O-O-O Bd7
9.f4 b5 10.Bxb5 axb5 11.Ndxb5 Nb4 12.Nxd6+ Bxd6 13.Qxd6 Nxa2+ 14.Nxa2 Rxa2
15.Bxf6 gxf6 16.Kb1 Ra7 17.b3 Qc7 {#R} 0-1

[Event "Ch Sweden (corr.)"]
[Site "masterchessopen.com Sweden"]
[Round "1"]
[White "Malmstrom Jan"]
[Black "Svensson Jan"]
[Result "1-0"]
[WhiteElo "2305"]
[BlackElo "1490"]

1.e4 c5 2.Nf3 Nc6 3.d4 cxd4 4.Nxd4 Nf6 5.Nc3 d6 6.Bg5 e6 7.Qd2 a6 8.O-O-O Bd7
9.Be2 h6 10.Bh4 Qa5 11.Nb3 Qc7 12.Bg3 e5 13.f4 exf4 14.Bxf4 Ne5 15.h3 Be7
16.Nd4 b5 17.Nf5 Bxf5 18.exf5 Rc8 19.Qd4 O-O 20.Kb1 Qc5 21.Rhe1 Rfe8 22.g4
Nfd7 23.Bg3 Bf8 24.Qxc5 dxc5 25.a4 b4 26.Bxa6 Ra8 27.Nd5 Nf3 28.Rxe8 Rxe8
29.Bb5 Nd4 30.Bxd7 Rd8 31.Nb6 {#r} 1-0

[Event "It (open)"]
[Site "masterchessopen.com Zalakaros (Hungary)"]
[Round "0"]
[White "Sax Gyula (HUN)"]
[Black "Molnar Bela (HUN)"]
[Result "1-0"]
[WhiteElo "2550"]
[BlackElo "2340"]

1.e4 c5 2.Nf3 d6 3.d4 cxd4 4.Nxd4 Nf6 5.Nc3 Nc6 6.Bg5 a6 7.Qd2 e6 8.O-O-O Bd7
9.f4 h6 10.Bh4 g5 11.fxg5 Ng4 12.Be2 Nge5 13.Nf3 Be7 14.Rhg1 b5 15.Kb1 Rc8
16.Rdf1 b4 17.Nd1 Qa5 18.b3 Qc7 19.Ne3 Rh7 20.Nc4 Nxc4 21.Bxc4 Ne5 22.Nxe5
dxe5 23.g6 fxg6 24.Bxe7 Kxe7 25.Qxb4+ {#r} 1-0

[Event "It (open)"]
[Site "masterchessopen.com Balatonbereny (Hungary)"]
[Round "6"]
[White "Kallgren Mikael (SWE)"]
[Black "Arnold Johannes (GER)"]
[Result "1-0"]
[WhiteElo "2180"]
[BlackElo "2290"]

1.e4 c5 2.Nf3 Nc6 3.d4 cxd4 4.Nxd4 Nf6 5.Nc3 d6 6.Bg5 e6 7.Qd2 a6 8.O-O-O Bd7
9.f3 Be7 10.h4 Rc8 11.g4 h5 12.gxh5 Nxh5 13.Rg1 Bf6 14.Nb3 Ne5 15.Be2 Rc6
16.f4 Ng6 17.Bxh5 Rxh5 18.Qe2 Rh8 19.Nd5 Bxg5 20.hxg5 Kf8 21.f5 exf5 22.exf5
Ne7 23.Rh1 Rg8 24.Nxe7 Qxe7 25.Qxe7+ Kxe7 26.Rhe1+ Kd8 27.Na5 Re8 28.Nxc6+
bxc6 29.Rxe8+ Kxe8 30.Rxd6 Ke7 31.f6+ {#r} 1-0

[Event "Cup Lee"]
[Site "masterchessopen.com Beijing (China)"]
[Round "8"]
[White "Wu Xibin (CHN)"]
[Black "Ye Jiangchuan (CHN)"]
[Result "0-1"]
[WhiteElo "2295"]
[BlackElo "2540"]

1.e4 c5 2.Nf3 d6 3.d4 cxd4 4.Nxd4 Nf6 5.Nc3 Nc6 6.Bg5 e6 7.Qd2 a6 8.O-O-O Bd7
9.f4 b5 10.Bxf6 gxf6 11.Nxc6 Bxc6 12.Qe3 Qe7 13.Bd3 Qa7 14.Qh3 b4 15.Ne2 Qc5
16.Kb1 a5 17.f5 e5 18.Rhf1 h5 19.Qh4 Ke7 20.Ng3 Bh6 21.Ne2 Rag8 22.Qf2 Qxf2
23.Rxf2 Be3 24.Rf3 Bc5 25.g3 d5 26.exd5 Bxd5 27.Rff1 Bg2 {#R} 0-1

[Event "It (open) \"]
[Site "masterchessopen.com Berlin (Germany)"]
[Round "0"]
[White "San Segundo Carrillo Pablo (ESP)"]
[Black "Heinbuch Detlef (GER)"]
[Result "1-0"]
[WhiteElo "2505"]
[BlackElo "2365"]

1.e4 c5 2.Nf3 Nc6 3.d4 cxd4 4.Nxd4 Nf6 5.Nc3 d6 6.Bg5 e6 7.Qd2 a6 8.O-O-O Bd7
9.f4 h6 10.Bh4 g5 11.fxg5 Ng4 12.Be2 Nge5 13.Nf3 Be7 14.Rhg1 Rg8 15.Bg3 hxg5
16.Nxe5 Nxe5 17.Bxe5 dxe5 18.Bh5 Rg7 19.Rgf1 g4 20.Kb1 Bg5 21.Qd6 Qe7 22.Qxe5
{#r} 1-0

[Event "It (open)"]
[Site "masterchessopen.com Bern (Switzerland)"]
[Round "5"]
[White "Schmidt-Schaeffer Sebastian (GER)"]
[Black "Gast Jonathan (SUI)"]
[Result "1-0"]
[WhiteElo "2405"]
[BlackElo "2209"]

1.e4 c5 2.Nf3 d6 3.d4 cxd4 4.Nxd4 Nf6 5.Nc3 Nc6 6.Bg5 e6 7.Qd2 a6 8.O-O-O Bd7
9.f4 Qc7 10.Bxf6 gxf6 11.Be2 h5 12.Kb1 Qb6 13.Nf3 O-O-O 14.Rhf1 Be8 15.Bc4 Bh6
16.a3 Qc7 17.Ba2 Ne7 18.Nd4 Bc6 19.Qe2 Be8 20.Qxh5 {#r} 1-0

[Event "Ch Slovenia (team)"]
[Site "masterchessopen.com Bled (Slovenia)"]
[Round "5"]
[White "Urbanc Suzana (SLO)"]
[Black "Grosar Kiti (SLO)"]
[Result "0-1"]
[WhiteElo "1647"]
[BlackElo "2195"]

1.e4 c5 2.Nf3 d6 3.d4 cxd4 4.Nxd4 Nf6 5.Nc3 Nc6 6.Bg5 e6 7.Qd2 a6 8.O-O-O Bd7
9.f4 b5 10.Bxf6 gxf6 11.Kb1 Qb6 12.Nf3 b4 13.Nd5 exd5 14.exd5 Ne7 15.Re1 Kd8
16.Bc4 Qc5 17.Bb3 a5 18.Re4 a4 19.Bc4 f5 20.Ng5 fxe4 21.Nxf7+ Kc7 {#R} 0-1

[Event "It (open)"]
[Site "masterchessopen.com Cannes (France)"]
[Round "5"]
[White "Palac Mladen (CRO)"]
[Black "Georgiev Vladimir (MKD)"]
[Result "1-0"]
[WhiteElo "2540"]
[BlackElo "2465"]

1.e4 c5 2.Nf3 Nc6 3.d4 cxd4 4.Nxd4 Nf6 5.Nc3 d6 6.Bg5 e6 7.Qd2 a6 8.O-O-O Bd7
9.f3 Be7 10.h4 b5 11.Nxc6 Bxc6 12.Ne2 Rc8 13.Nd4 Bb7 14.Kb1 h6 15.Be3 d5 16.e5
Nd7 17.f4 Bxh4 18.g4 Nc5 19.g5 Ne4 20.Qg2 hxg5 21.fxg5 Ke7 22.Bd3 Qa5 23.Bxe4
dxe4 24.g6 f6 25.Qg4 Bd5 26.Nb3 Bxb3 27.axb3 Qc7 28.Rd6 Qxc2+ 29.Ka2 Qc7
30.Qxe6+ Kf8 31.Bc5 {#r} 1-0

[Event "It (open) \"]
[Site "masterchessopen.com Decin (Czech Republic)"]
[Round "6"]
[White "Prandstetter Eduard (CZE)"]
[Black "Sherbakov Ruslan (RUS)"]
[Result "0-1"]
[WhiteElo "2370"]
[BlackElo "2555"]

1.e4 c5 2.Nf3 Nc6 3.d4 cxd4 4.Nxd4 Nf6 5.Nc3 d6 6.Bg5 e6 7.Qd2 a6 8.O-O-O Bd7
9.f4 b5 10.Bxf6 gxf6 11.f5 Qb6 12.Nxc6 Bxc6 13.Bd3 h5 14.Qe1 Bh6+ 15.Kb1 b4
16.Ne2 e5 17.Nc1 Ke7 18.Bc4 Qb7 19.Bd5 Rhc8 20.Qe2 h4 21.Nd3 Bxd5 22.exd5 a5
23.Qh5 Be3 24.Qxh4 Qc7 25.Ne1 a4 26.Qxb4 a3 27.b3 Rcb8 28.Qe4 Qc3 29.Nd3 Bd4
30.Kc1 Rxb3 {#R} 0-1